000
00341nam a2200145Ia 4500
008
220204s9999 xx 000 0 und d
082
_a
612.39
_b
FIS
100
_a
Bender, Arnold E
245
0
_a
Value of food
250
_a
2
260
_a
Oxford
_b
Oxford University
_c
1970
650
_a
Nutrition
700
_a
Fisher, Patly
942
_c
BK
999
_c
24093
_d
24093